Central Library OPAC University of Rajshahi

The poetical works of Lord Byron / (Record no. 77222)

MARC details
000 -LEADER
fixed length control field 00835nam a2200277 a 4500
001 - CONTROL NUMBER
control field 77222
003 - CONTROL NUMBER IDENTIFIER
rucl marc code BD-RjUL
005 - DATE AND TIME OF LATEST TRANSACTION
control field 20211209082939.0
008 - FIXED-LENGTH DATA ELEMENTS--GENERAL INFORMATION
fixed length control field 200304r19521904enk 001 0 eng d
035 ## - SYSTEM CONTROL NUMBER
System control number (BD-RjUL)77447
System control number 945676
040 ## - CATALOGING SOURCE
Original cataloging agency ANL
Language of cataloging eng
Transcribing agency ANL
Modifying agency NNCU:A
-- BD-RjUL
041 ## - LANGUAGE CODE
Language code of text/sound track or separate title eng
082 04 - DEWEY DECIMAL CLASSIFICATION NUMBER
Edition number 23
Classification number 821.7
Author mark and year BYP 1952
100 1# - MAIN ENTRY--PERSONAL NAME
Personal name Byron, George Gordon Byron,
Dates associated with a name 1788-1824.
9 (RLIN) 240322
245 14 - TITLE STATEMENT
Title The poetical works of Lord Byron /
Statement of responsibility, etc. George Gordon Noel Byron
250 ## - EDITION STATEMENT
Edition statement Oxford ed.
260 ## - PUBLICATION, DISTRIBUTION, ETC. (IMPRINT)
Place of publication, distribution, etc. London :
Name of publisher, distributor, etc. Henry Frowde,
Date of publication, distribution, etc. 1904 [reprinted 1952]
300 ## - PHYSICAL DESCRIPTION
Pagination x, 924 p. ;
Size 19 cm.
500 ## - GENERAL NOTE
General note Printer: Horace Hart.
General note Includes index.
600 ## - SUBJECT ADDED ENTRY--PERSONAL NAME
Personal name Byron, George Gordon Byron, Baron,
Dates associated with a name 1788-1824
650 ## - SUBJECT ADDED ENTRY--TOPICAL TERM
Topical term or geographic name as entry element English poetry
9 (RLIN) 240324
942 ## - ADDED ENTRY ELEMENTS (KOHA)
Source of classification or shelving scheme Dewey Decimal Classification
Koha item type Books
Holdings
Lost status Source of classification or shelving scheme Damaged status Not for loan Collection code Permanent Location Current Location Shelving location Date acquired Total Checkouts Full call number Date last seen Copy number Koha item type
  Dewey Decimal Classification   Not For Loan Non-fiction Central Library, University of Rajshahi Central Library, University of Rajshahi Reading Room 04/03/2020   821.7 BYP 1952 04/03/2020 C-1 Books